Bienvenue au Catalogue en Ligne des Bibliothèques de l'Universite du Burundi

Normal view MARC view

Entry Personal Name

Number of records used in: 1

001 - CONTROL NUMBER

  • control field: 93082

003 - CONTROL NUMBER IDENTIFIER

  • control field: BI-BuBU

005 - DATE AND TIME OF LATEST TRANSACTION

  • control field: 20140613094506.0

008 - FIXED-LENGTH DATA ELEMENTS

  • fixed length control field: 140613|||a|||||| | ||| d

040 ## - CATALOGING SOURCE

  • Original cataloging agency: BI-BuBU
  • Transcribing agency: BI-BuBU

100 ## - HEADING--PERSONAL NAME

  • Personal name: Ndikubagenzi, Jacques

670 ## - SOURCE DATA FOUND

  • Source citation: Work cat.: (BI-BuBU): aut Niyongabo, Jérôme 93078, Etude de la morbidité et de la mortalité dans le service de pédiatrie de deux hôpitaux de la province Makamba, 2013

670 ## - SOURCE DATA FOUND

  • Source citation: Work cat.: (BI-BuBU): aut Niyongabo, Jérôme 93078, Etude de la morbidité et de la mortalité dans le service de pédiatrie de deux hôpitaux de la province Makamba, 2013
© 2019-2026 - Bibliothèques de l'Université du Burundi |Tous droits réservés
home | Pour toute information urgente Contactez nous | tel whatsupp: +25779204313